| 000 | 00000nam 2200000zi 4500 |
| 001 | 9.913717 |
| 003 | CaOODSP |
| 005 | 20221107182844 |
| 006 | m o d f |
| 007 | cr |n||||||||| |
| 008 | 220725s2021 oncd o f|0| 0 eng d |
| 040 | |aCaOODSP|beng|erda|cCaOODSP |
| 043 | |an-cn--- |
| 086 | 1 |aFs23-675/2021E-PDF |
| 245 | 10|aNorth Atlantic Biogeochemical Carbon Pump Virtual scientific workshop summary : |bDecember 15 and 16, 2021. |
| 264 | 1|a[Ottawa] : |bFisheries and Oceans Canada = Pêches et Océans Canada, |c2021. |
| 300 | |a1 online resource (53 pages) : |bcharts |
| 336 | |atext|btxt|2rdacontent |
| 337 | |acomputer|bc|2rdamedia |
| 338 | |aonline resource|bcr|2rdacarrier |
| 500 | |aIssued also in French under title: Pompe biogéochimique de l’Atlantique Nord Résumé de l’atelier scientifique virtuel : 15 et 16 décembre 2021. |
| 500 | |aIssued also in HTML format. |
| 650 | 0|aCarbon cycle (Biogeochemistry)|xResearch|zCanada|vCongresses. |
| 655 | 7|aConference papers and proceedings|2lcgft |
| 710 | 1 |aCanada. |bDepartment of Fisheries and Oceans, |eissuing body. |
| 775 | 08|tPompe biogéochimique de l’Atlantique Nord Résumé de l’atelier scientifique virtuel : |w(CaOODSP)9.913808 |
| 856 | 40|qPDF|s639 KB|uhttps://publications.gc.ca/collections/collection_2022/mpo-dfo/Fs23-675-2021-eng.pdf |
| 856 | 4 |qHTML|sN/A|uhttps://www.dfo-mpo.gc.ca/oceans/publications/un-decade-decennie-nu/biogeochemical-summary-sommaire-biogeochimique/index-eng.html |